La prescripcin̤ en el derecho penal

Detalles Bibliográficos
Autor principal: Gonzl̀ez Tapia, Mara̕ Isabel
Formato: Desconocido
Lenguaje:español
Publicado: Madrid : Dykinson, 2001
Materias:
Acceso en línea:Acceso restringido

MARC

LEADER 00000ny a22000003n 4500
005 20110603141557.0
008 080606s2001 sp s 000 0 spa
035 |a 279 
040 |a UMA.RE  |d vLex 
080 |a 343.2/.7(0.034) 
090 |c 448  |d 448 
100 1 |a Gonzl̀ez Tapia, Mara̕ Isabel 
245 1 3 |a La prescripcin̤ en el derecho penal  |h [Recurso electrn̤ico] 
256 |a Servicio en ln̕ea 
260 |a Madrid :  |b Dykinson,  |c 2001 
506 1 |a Contenido solo disponible en los productos indicados  |d vLex Global  |d vLex Global (Academic Edition, excluding Law Schools)  |d vLex Global (U.S. Academic Edition, Law Schools)  |d vLex Global (U.S. Academic Edition, excluding Law Schools)  |d vLex Global (Academic Edition, Law Schools) 
650 0 7 |a Prescripcin̤  |2 Tesauro vLex 
650 0 7 |a Prescripcin̤ o caducidad  |2 Tesauro vLex 
650 0 7 |a Prescripcin̤ de la pena  |2 Tesauro vLex 
650 0 7 |a Prescripcin̤ del delito  |2 Tesauro vLex 
650 0 7 |a Derecho penal  |2 Tesauro vLex 
740 0 |a vLex Libros (Servicios en ln̕ea) 
856 4 0 |u http://vlex.com/source/279  |z Acceso restringido 
942 |c BOOK 
999 0 |a Criminal Law   |b Madrid